تدريب المدربين : (Record no. 63493)
[ view plain ]
| 000 -الفاتح | |
|---|---|
| حقل البيانات ثابتة الطول | 01063nam a22002657a 4500 |
| 005 - وقت وتاريخ اخر تعامل مع التسجيلة | |
| رقم الضبط | 20240530110644.0 |
| 008 - عناصر البيانات ثابتة الطول - معلومات عامة | |
| حقل البيانات ثابتة الطول | 171105s2016 ua ak g b 000 0 ara d |
| 017 ## - رقم الايداع القانونى | |
| رقم الايداع القانونى | 2016/21861 |
| المصدر ( الهيئة المختصة) | مصر. دار الكتب |
| 020 ## - الرقم الدولى المعيارى للكتب | |
| الرقم الدولى المعيارى للكتاب | 9789777220361 |
| 040 ## - مصدر الفهرسة | |
| وكالة الفهرسة الأصلية | EG-CaGPL |
| وكالة النسخ | EG-CaGPL |
| 082 04 - رقم تصنيف ديوى العشرى | |
| رقم الطبعة | 21 |
| رقم التصنيف | 658.3124 / |
| رقم المادة | ع ت |
| 100 0# - المدخل الرئيسى - إسم شخصى | |
| الإسم الشخصى | عبدالله محمد اسعد |
| 245 10 - بيان العنوان | |
| العنوان | تدريب المدربين : |
| بقية العنوان | طريقك لاحتراف التدريب : منهج تطبيقى TOT / |
| بيان المسئوليه,etc | تاليف عبدالله محمد اسعد |
| 250 ## - بيان الطبعة | |
| بيان الطبعة | ط.1 |
| 260 ## - PUBLICATION, DISTRIBUTION, ETC. (IMPRINT) | |
| تاريخ النشر أو التوزيع | 2016. |
| 300 ## - الوصف المادى | |
| التعداد | 257 ص. : |
| تفاصيل ماديه اخرى للوعاء | ايض ؛ |
| أبعاد الوعاء | 24 سم. |
| 504 ## - تبصرة ببليوجرافية | |
| تبصرة ببليوجرافية,الخ | يشتمل على ارجاعات ببليوجرافية |
| 650 07 - المدخل الاضافى بالموضوع-مصطلح موضوعى | |
| مصدر الرأس أو المصطلح | qrmak |
| مصطلح موضوعي | التدريب |
| 650 07 - المدخل الاضافى بالموضوع-مصطلح موضوعى | |
| مصدر الرأس أو المصطلح | qrmak |
| مصطلح موضوعي | التنمية البشرية |
| 650 07 - المدخل الاضافى بالموضوع-مصطلح موضوعى | |
| مصدر الرأس أو المصطلح | qrmak |
| مصطلح موضوعي | الدورات التدريبية |
| 650 07 - المدخل الاضافى بالموضوع-مصطلح موضوعى | |
| مصدر الرأس أو المصطلح | qrmak |
| مصطلح موضوعي | التدريب اثناء الخدمة |
| 651 ## - المدخل الاضافى بالموضوع - اسم جغرافى | |
| مصدر الرأس أو المصطلح | qrmak |
| 942 ## - عناصر المدخل الإضافي( كوها) | |
| مصدر التصنيف او مخطط الترفيف | Dewey Decimal Classification |
| Koha [default] item type | كتاب |
| 260 ## - PUBLICATION, DISTRIBUTION, ETC. (IMPRINT) | |
| -- | القاهرة : |
| -- | المجموعة العربية للتدريب و النشر ، |
| حالة التراجع | حالة الفقد | حالة تلف | ليس للاعارة | المكان المؤقت | الموقع الحالى | موقع الترفيف | تاريخ الاكتساب | اجمالي اﻻعارات | رقم الطلب | الباركود | تاريخ اخر مشاهدة | تاريخ تفعيل السعر | نوع وعاء كوها |
|---|---|---|---|---|---|---|---|---|---|---|---|---|---|
| مكتبة القاهرة الكبرى | مكتبة القاهرة الكبرى | القاعة الرئيسية | 11/05/2017 | 658.3124 / ع ت | 163574 | 11/05/2017 | 11/05/2017 | كتاب |

